| 000 | 01093cam a2200229 4500 | ||
|---|---|---|---|
| 001 | ABS62898 | ||
| 008 | 000000n2000 000 0 eng u | ||
| 035 | _a(Sirsi) u108652 | ||
| 245 | _aCarl and another v Grosvenor Estate Belgravia | ||
| 260 | _c2000 | ||
| 490 |
_aEstates Gazette _v[2000] 38 EG 195-201(7) |
||
| 520 | _aLT 22 June 2000. Appellant lessees, C, claimed a right to buy the freehold of a property in Chester Square, London, under the Leasehold Reform Act 1967, together with the garage to the rear. LVT determined the purchase price at £767,200. C appealed. C's valuer questioned LVT's reasoning and suggested not soundly based. Appeal allowed and a purchase price of £680,000 determined. Found that evidence of C's valuer was unnecessary and unhelpful. | ||
| 590 | _aABS | ||
| 650 | _aCARL AND ANOTHER V GROSVENOR ESTATE BELGRAVIA | ||
| 650 | _aRIGHT TO BUY | ||
| 650 | _aLEASEHOLD REFORM ACT 1967 | ||
| 650 | _aFREEHOLD | ||
| 650 | _aRENT REVIEW | ||
| 650 | _aLEASEHOLD ENFRANCHISEMENT | ||
| 690 | _aLANDLORD AND TENANT-LEASEHOLD REFORM-CASE LAW | ||
| 942 | _n0 | ||
| 999 |
_c64866 _d64866 |
||